000 00678nam a2200253 a 4500
003 AR-BaBNM
005 20251128205214.0
008 082120s2002 ||||||||||||||000 | spa||
020 _a950-21-1151-6
040 _cAR-BaBNM
100 1 _aOrtega, Exequiel C.
245 0 0 _aHistoria de Buenos Aires
250 _a2ª ed.
260 _aBuenos Aires
_bPlus Ultra
_c1994
300 _a333 p.
_bgráfs., mapas
490 0 _aHistoria de nuestras provincias
_vv. 4
650 4 _aHISTORIA ARGENTINA
650 4 _aPOBLACION
650 4 _aHISTORIA PROVINCIAL ARGENTINA
650 4 _aHISTORIA POLITICA
650 4 _aHISTORIA DE BUENOS AIRES
942 _cBK
998 _cMARTIN
999 _c10444
_d10444